Tvorba IS v konkrétnych podmienkach diplomová práca

Saved in:
Bibliographic Details
Main Author: Smotrov, Arťom
Corporate Author: Fakulta hospodárskej informatiky EU. Katedra aplikovanej informatiky
Other Authors: Kniežová, Jaroslava
Format: Book
Language:Slovak
Published: Bratislava 2011
Tags: Add Tag
No Tags, Be the first to tag this record!

MARC

LEADER 00000nbm a2200000 4500
001 0140721
005 20161109101945.5
041 0 |a slo 
044 |a SK 
245 1 0 |a Tvorba IS v konkrétnych podmienkach  |b diplomová práca  |c Arťom Smotrov ; školiteľ: Jaroslava Kniežová 
264 1 |a Bratislava  |c 2011 
300 |a 76 s. 
100 1 |a Smotrov, Arťom 
700 1 |a Kniežová, Jaroslava 
710 2 |a Fakulta hospodárskej informatiky EU. Katedra aplikovanej informatiky